| 000 | 00478nam a2200181Ia 4500 | ||
|---|---|---|---|
| 001 | 8777 | ||
| 005 | 20260306160635.0 | ||
| 008 | 260306t2012||||xx |||||||||||||| ||spa|| | ||
| 041 | _aESP | ||
| 082 |
_a371.33 _bS52 |
||
| 100 |
_aSierra Varón, César Augusto _eAUT |
||
| 245 | 0 | _aEducación virtual, aprendizaje autónomo y construcción de conocimiento | |
| 260 | _c2012 | ||
| 300 |
_a101 páginas : _c24 cm. |
||
| 650 | _aGEN | ||
| 654 | _aCED | ||
| 942 |
_cLIB _dJUS _fJUS _2ddc _n |
||
| 999 |
_c8777 _d8777 |
||